000 01490nam0a22003371 4500
001 RU\NLR\INFOCOMM_253\5000052087
005 20250613101736.0
035 _a(NLR Aleph) 009391176
090 _a8043847
_c8043847
100 _a20101211d1984 |||y0rusy50 ca
101 1 _aspa
_crus
102 _aRU
105 _ay ||||000|y
200 1 _aEl latinoamericanismo contra el panamericanismo
_e(Desde Simón Bolívar hasta nuestros días)
_fA. Glinkin
_g[Trad. del ruso por M. Nebreda]
210 _aM.
_cProgreso
_d1984
215 _a212 с.
_d20 см
300 _aНа обороте тит. л.: Латиноамериканизм против панамериканизма : (От Симона Боливара до наших дней) / А. Глинкин
606 _aПанамериканизм
_2nlr_sh1
607 _aЛатинская Америка
_xВзаимоотношения с Соединенными Штатами
_z19-20 в.
_2nlr_sh1
607 _aСоединённые Штаты
_xВзаимоотношения с Латинской Америкой
_z19-20 в.
_2nlr_sh1
686 _aТ3(70)5-64(7США)
_2rubbk
686 _aТ3(70)6-64 (7США)
_2rubbk
686 _aТ3(7США)0-601
_2rubbk
686 _aТ3(7США)5-64(70)
_2rubbk
686 _aТ3(7США)6-64(70)
_2rubbk
700 1 _aGlinkin
_bA. N.
_gAnatolij Nikolaevič
_4070
801 1 _aRU
_bNLR
_c20101211
801 0 _aRU
_bNLR
_gPSBO
852 _aNLR
_jИ97 Д-3/525
942 _cBOOK
980 _aNB